Vista normal
Vista MARC
Entrada Materia (geográfica)
Número de registros utilizados en: 1
001 - CONTROL NUMBER
- control field: 167021
003 - CONTROL NUMBER IDENTIFIER
- control field: Co-BoUCM
005 - DATE AND TIME OF LATEST TRANSACTION
- control field: 20211111081859.0
008 - FIXED-LENGTH DATA ELEMENTS
- fixed length control field: 211111|| aca||aabn | a|a d
040 ## - CATALOGING SOURCE
- Original cataloging agency: Co-BoUCM
- Transcribing agency: Co-BoUCM
151 ## - HEADING--GEOGRAPHIC NAME
- Geographic name: Sierra Leona (África Occidental)
- General subdivision: Condiciones sociales
670 ## - SOURCE DATA FOUND
- Source citation: Work cat.: (Co-BoUCM)67744: Denov, Myriam S. 167020, Child soldiers Sierra Leone's revolutionary united front, 2010